New incineration of waste controls (Record no. 71088)

MARC details
000 -LEADER
fixed length control field 01165cam a2200229 4500
001 - CONTROL NUMBER
control field WB3832-20
008 - FIXED-LENGTH DATA ELEMENTS--GENERAL INFORMATION
fixed length control field 020904n2002 000 0 eng u
035 ## - SYSTEM CONTROL NUMBER
System control number (Sirsi) u119565
245 ## - TITLE STATEMENT
Title New incineration of waste controls
260 ## - PUBLICATION, DISTRIBUTION, ETC.
Date of publication, distribution, etc. 2002
490 ## - SERIES STATEMENT
Series statement RICS Minerals and Waste Management Faculty News
Volume/sequential designation 2 September 2002 (1)
520 ## - SUMMARY, ETC.
Summary, etc. A public consultation on new controls for the incinceration of waste in Scotland is launched to implement the EC Waste Incineration Directive (2000/76/EC) The proposals introduce tough operating conditions and set minimum technical requirements for incinerators and co-incinerators. The consultation deadline is 20 November 2002. RICS Minerals & Waste Management Faculty news story http://www.rics.org/ricscms/bin/show?class=News&template=/includes/shownews.html&id=3526&faculty=Minerals%20and%20Waste%20Management&faculty=All%20Faculties
590 ## - LOCAL NOTE (RLIN)
Local note WB
650 ## - SUBJECT ADDED ENTRY--TOPICAL TERM
Topical term or geographic name entry element WASTE INCINERATION
650 ## - SUBJECT ADDED ENTRY--TOPICAL TERM
Topical term or geographic name entry element WASTE INCINERATORS
650 ## - SUBJECT ADDED ENTRY--TOPICAL TERM
Topical term or geographic name entry element CONSULTATION
650 ## - SUBJECT ADDED ENTRY--TOPICAL TERM
Topical term or geographic name entry element EU DIRECTIVES
650 ## - SUBJECT ADDED ENTRY--TOPICAL TERM
Topical term or geographic name entry element WASTE CONTROL
650 ## - SUBJECT ADDED ENTRY--TOPICAL TERM
Topical term or geographic name entry element SCOTLAND
690 ## - LOCAL SUBJECT ADDED ENTRY--TOPICAL TERM (OCLC, RLIN)
Topical term or geographic name as entry element ENVIRONMENTAL AND LAND CONSULTANCY-WASTE MANAGEMENT
942 ## - ADDED ENTRY ELEMENTS (KOHA)
Suppress in OPAC 0
Holdings
Withdrawn status Lost status Source of classification or shelving scheme Damaged status Not for loan Home library Current library Shelving location Date acquired Total Checkouts Full call number Barcode Date last seen Copy number Price effective from Koha item type
    Dewey Decimal Classification     London London News article 04/09/2002   WB3832-20 119565-1001 06/08/2019 1 06/08/2019 News article